Educación : retos y esperanzas : agenda y propuestas para una política educativa.

-д хадгалсан:
Номзүйн дэлгэрэнгүй
Үндсэн зохиолч: Morales, R. (autor)
Бусад зохиолчид: Díaz, H. (autor) (autor), Trahtemberg, L. (autor) (autor)
Формат: Ном
Хэл сонгох:испани
Нөхцлүүд:
Шошгууд: Шошго нэмэх
Шошго байхгүй, Энэхүү баримтыг шошголох эхний хүн болох!

MARC

LEADER 00000cam^a2200000uu^4500
001 000475493
005 20250521000000.0
008 050901s1995^^^^^^^^^^^^rd^r^^000^0^spa^d
009 20260310124803.396
022 |a 848931215X 
035 |a FCE 000018358 
035 |a FCE 021436 
037 |a Acervo ITESO - Biblioteca 
041 |a spa 
082 0 4 |a 370.785  |b MORe 
100 |a Morales, R.  |e (autor) 
245 1 0 |a Educación :  |b retos y esperanzas : agenda y propuestas para una política educativa. 
264 |a Perú :  |b DESCO : REDUC,  |c 1995. 
300 |a 88 p. 
336 |a texto  |b txt  |2 rdacontenido 
337 |a sin mediación  |b n  |2 rdamedio 
338 |a volumen  |b nc  |2 rdasoporte 
649 |a XX 
650 |a Economía de la educación 
650 |a Sistema educativo 
650 |a Reforma de la educación 
650 |a Calidad de la educación 
650 |a Propuesta de reforma 
650 |a Perú 
700 |a Díaz, H.  |e (autor) 
700 |a Trahtemberg, L.  |e (autor) 
910 |a Fondo Centro de Estudios Educativos 
920 |a Impresos - Libros 
930 |a Fondos Especiales 
905 |a 133 
901 |a ALE021436  |b IT2  |c CEE  |u 20250521 
902 |a https://opac.biblio.iteso.mx/vufind/Record/000475493